| 000 | 00587nam a2200205Ia 4500 | ||
|---|---|---|---|
| 003 | OSt | ||
| 005 | 20250307142051.0 | ||
| 008 | 210210b1996 xxu||||| |||| 00| 0 eng d | ||
| 040 | _cAL | ||
| 041 | _aKannada | ||
| 082 | _aK894.2 KANV | ||
| 100 |
_aKANDAGALLA HANAMANTARAYA. _dಕಂದಗಲ್ಲ ಹನುಮಂತರಾಯ _9204856 |
||
| 245 |
_aVara Pradana. _bವರಪ್ರದಾನ |
||
| 260 |
_aBengaluru _bKannada Pustaka Pradhikara _c1996 |
||
| 300 | _aviii,164 | ||
| 650 |
_aJanapriya _9204857 |
||
| 690 |
_aKannada Drama _9204858 |
||
| 906 | _aSG03997 | ||
| 942 |
_2ddc _cSG |
||
| 999 |
_c114988 _d114988 |
||